[Event "Isle of Man Open"]
[Site "Douglas"]
[Date "21.10.2018"]
[Round "2.39"]
[White "Bulmaga, Irina"]
[Black "Adams, Michael"]
[Result "1/2-1/2"]
[WhiteTitle "IM"]
[BlackTitle "GM"]
[WhiteElo "2402"]
[BlackElo "2712"]
[WhiteFideId "13903063"]
[BlackFideId "400041"]
[EventDate "2018.10.20"]

1. e4 e5 2. Nf3 Nc6 3. Bc4 Nf6 4. d3 Bc5 5. c3 d6 6. O-O O-O 7. a4 a6 8. Re1 Ba7
9. h3 Ne7 10. d4 Ng6 11. dxe5 dxe5 12. Qxd8 Rxd8 13. Ng5 Rd7 14. Na3 h6 15. Nf3
Re7 16. Be3 Bxe3 17. Rxe3 Bd7 18. a5 Bc6 19. Rae1 Rd8 20. Nc2 Nf4 21. Nb4 Bb5
22. Bf1 Bxf1 23. Kxf1 Kf8 24. Nd5 N6xd5 25. exd5 Rxd5 26. Rxe5 Rexe5 27. Nxe5
Ne6 28. Nc4 Rc5 29. b3 Ke7 30. Re3 h5 31. h4 f6 32. g3 g5 33. Ke2 gxh4 34. gxh4
Kf7 35. Re4 Rf5 36. b4 Nf4+ 37. Ke3 Ng2+ 38. Ke2 Rf4 39. Nd2 Rxh4 40. Kf3 Rxe4
41. Nxe4 Nh4+ 42. Kf4 Ng6+ 43. Kg3 Ne7 44. Nc5 Nf5+ 45. Kh3 Nd6 46. Kh4 Kg6 47.
b5 Nxb5 48. Nxb7 Nd6 49. Nc5 Nc4 50. Nxa6 c6 51. Nc5 Nxa5 52. Nd3 Nb3 53. Nf4+
Kf5 54. Nxh5 Nd2 55. Ng3+ Kf4 56. Nh5+ Ke5 57. Ng3 f5 58. Ne2 c5 59. f4+ Ke4 60.
Kg5 c4 61. Ng3+ Kd3 62. Nxf5 Ne4+ 1/2-1/2

[Event "Isle of Man Open"]
[Site "Douglas"]
[Date "21.10.2018"]
[Round "2.40"]
[White "Erenberg, Ariel"]
[Black "Almasi, Zoltan"]
[Result "0-1"]
[WhiteTitle "IM"]
[BlackTitle "GM"]
[WhiteElo "2407"]
[BlackElo "2702"]
[WhiteFideId "2811634"]
[BlackFideId "702293"]
[EventDate "2018.10.20"]

1. d4 Nf6 2. c4 e6 3. Nf3 b6 4. g3 Ba6 5. Qb3 d5 6. cxd5 Qxd5 7. Qc2 Bb4+ 8. Nc3
c5 9. Bd2 Bxc3 10. Bxc3 Nbd7 11. dxc5 Qxc5 12. Qa4 Bb5 13. Qb4 O-O 14. Qxc5 bxc5
15. Bg2 Nd5 16. Rc1 N7b6 17. Nd2 Rac8 18. Ne4 Ba6 19. Bf3 f5 20. Ng5 Rfe8 21.
O-O h6 22. Nh3 e5 23. Rfe1 e4 24. Bh5 Re6 25. e3 g5 26. g4 Ne7 27. gxf5 Nxf5 28.
Bg4 Rf8 29. Red1 Bd3 30. Ba5 Nd7 31. Bc3 Ree8 32. b4 c4 33. b5 Ne5 34. Bxe5 Rxe5
35. a4 Nh4 36. Kh1 Kg7 37. Rg1 Rc5 38. Rc3 Ng6 39. Bh5 Ne7 40. Nf4 Rxf4 41. exf4
Nd5 42. Rcc1 Nxf4 43. Be8 e3 44. f3 Be2 45. Rg3 Nd3 46. Rc3 Bd1 0-1

[Event "Isle of Man Open"]
[Site "Douglas"]
[Date "21.10.2018"]
[Round "2.41"]
[White "Ravi, Teja S."]
[Black "Howell, David W L"]
[Result "1/2-1/2"]
[WhiteTitle "IM"]
[BlackTitle "GM"]
[WhiteElo "2357"]
[BlackElo "2689"]
[WhiteFideId "5017220"]
[BlackFideId "410608"]
[EventDate "2018.10.20"]

1. d4 Nf6 2. Nf3 g6 3. c4 Bg7 4. g3 d5 5. cxd5 Nxd5 6. Bg2 O-O 7. O-O Nc6 8. Nc3
Bf5 9. e3 Nxc3 10. bxc3 Qd7 11. Re1 Rfd8 12. Ng5 h6 13. Ne4 b6 14. Nd2 Rac8 15.
Ba3 Bh3 16. Bh1 Na5 17. Bb4 Nc6 18. Ba3 Nb8 19. Bb7 c5 20. Bxc8 Rxc8 21. Bb2 Nc6
22. Qf3 Na5 23. Qe2 Qa4 24. Qd1 Qb5 25. Rb1 h5 26. c4 Nxc4 27. Nxc4 Qxc4 28.
dxc5 bxc5 29. Bxg7 Kxg7 30. e4 Qxa2 31. Ra1 Qb2 32. Rxa7 c4 33. Qa1 c3 34. Ra2
Qb5 35. Ra3 Qb2 36. Ra2 Qb5 37. Ra3 Qb2 38. Ra2 Qb4 39. Re3 Qb3 40. Ra3 Qb2 41.
Re1 Kh7 42. Ra2 Qb3 43. Qb1 Qc4 44. Rc2 Rd8 45. Qa1 Rd3 46. Qa2 Qxa2 47. Rxa2
Bg4 48. Rc1 Bf3 49. Rac2 Bxe4 50. Rxc3 Kg7 51. Rxd3 Bxd3 52. f4 Kf6 53. Rc5 Bf5
54. h4 Be4 55. Kf2 Bh1 56. Ke3 Bg2 57. Kd4 Bf3 58. Re5 e6 59. Kc5 Ke7 60. Re3
Bg2 61. Kb6 Kd6 62. Kb5 1/2-1/2

[Event "Isle of Man Open"]
[Site "Douglas"]
[Date "21.10.2018"]
[Round "2.42"]
[White "Jones, Gawain C B"]
[Black "Arjun, Kalyan"]
[Result "1-0"]
[WhiteTitle "GM"]
[WhiteElo "2677"]
[BlackElo "2408"]
[WhiteFideId "409561"]
[BlackFideId "35018701"]
[EventDate "2018.10.20"]

1. e4 e5 2. Nf3 Nc6 3. Bc4 Bc5 4. O-O Nf6 5. d3 d6 6. c3 a6 7. Re1 O-O 8. a4 Ba7
9. h3 Ne7 10. Bb3 Ng6 11. d4 c6 12. dxe5 Nxe5 13. Nxe5 dxe5 14. Qxd8 Rxd8 15.
Nd2 Nd7 16. Nf3 Re8 17. a5 Nc5 18. Bc2 Be6 19. Be3 f6 20. Red1 Kf7 21. Nd2 Ke7
22. b4 Nd7 23. Bxa7 Rxa7 24. Bb3 Nf8 25. Bxe6 Nxe6 26. Nc4 Raa8 27. Nd6 Red8 28.
Nxb7 Rd7 29. Nc5 Nxc5 30. bxc5 Rb8 31. Rdb1 Rb5 32. c4 Rxc5 33. Rb6 Rxc4 34.
Rxa6 Rc2 35. Ra8 Rdd2 36. Ra7+ Kf8 37. Rf1 Ra2 38. a6 c5 39. Rb1 Rd8 40. Rbb7 c4
41. Rf7+ Kg8 42. Rxg7+ Kh8 43. Rxh7+ Kg8 44. Rhc7 Ra4 45. f3 1-0

[Event "Isle of Man Open"]
[Site "Douglas"]
[Date "21.10.2018"]
[Round "2.43"]
[White "Rahul, Srivatshav P"]
[Black "Shirov, Alexei"]
[Result "1/2-1/2"]
[WhiteTitle "IM"]
[BlackTitle "GM"]
[WhiteElo "2395"]
[BlackElo "2636"]
[WhiteFideId "25059653"]
[BlackFideId "2209390"]
[EventDate "2018.10.20"]

1. d4 d5 2. c4 c6 3. cxd5 cxd5 4. Nc3 Nf6 5. Nf3 Nc6 6. Bf4 a6 7. Rc1 Ne4 8. Ne5
Nxc3 9. Rxc3 Bd7 10. e3 e6 11. a3 Rc8 12. Qc2 Nxe5 13. Bxe5 Rxc3 14. Qxc3 Qb6
15. Bd3 f6 16. Bg3 Be7 17. O-O Kf7 18. Bc7 Qc6 19. Qxc6 Bxc6 20. Rc1 Rc8 21. Bg3
Bd7 22. Rxc8 Bxc8 23. Kf1 Bd7 24. Ke2 Bb5 25. Bxb5 axb5 26. f3 f5 27. Be5 g6 28.
b4 h5 29. g3 g5 30. h3 g4 31. h4 1/2-1/2

[Event "Isle of Man Open"]
[Site "Douglas"]
[Date "21.10.2018"]
[Round "2.44"]
[White "Bellon Lopez, Juan Manuel"]
[Black "Sutovsky, Emil"]
[Result "1/2-1/2"]
[WhiteTitle "GM"]
[BlackTitle "GM"]
[WhiteElo "2342"]
[BlackElo "2633"]
[WhiteFideId "2200031"]
[BlackFideId "2802007"]
[EventDate "2018.10.20"]

1. d4 Nf6 2. Bf4 c5 3. e3 g6 4. Nf3 Bg7 5. c3 O-O 6. Nbd2 cxd4 7. cxd4 Nc6 8. h3
d6 9. Bc4 Na5 10. Be2 Qb6 11. Nb3 Nxb3 12. Qxb3 Qa5+ 13. Qc3 Qxc3+ 14. bxc3 Nd5
15. Bg5 e5 16. Rc1 Be6 17. c4 Rfc8 18. O-O Nb6 19. d5 Bd7 20. Be7 Bf8 21. Bf6
Rc5 22. Nd2 Rac8 23. Rb1 R5c7 24. Rb4 Na4 25. Bg4 Bxg4 26. hxg4 Nb6 27. Rfb1 h6
28. g5 hxg5 29. Bxg5 f5 30. e4 f4 31. f3 Rh7 32. a4 Rh5 33. g4 fxg3 34. Be3 Rh2
35. a5 Nd7 36. Rxb7 Nc5 37. Rb8 Rxb8 38. Rxb8 Kf7 39. Nf1 Ra2 40. Nxg3 Rxa5 41.
Bg5 Ra3 42. Rc8 a5 43. Nf1 Rxf3 44. Kg2 Rb3 45. Rc7+ Kg8 46. Rc8 Rb2+ 47. Kf3
Rb1 48. Nd2 Rb7 49. Ke2 Ra7 50. Bh6 Rf7 51. Ra8 Nd7 52. Be3 Rh7 53. Rxa5 Rh2+
54. Kd3 Rh3 55. Ke2 Nf6 56. Ra8 Rh2+ 57. Kf3 1/2-1/2

[Event "Isle of Man Open"]
[Site "Douglas"]
[Date "21.10.2018"]
[Round "2.45"]
[White "Parligras, Mircea-Emilian"]
[Black "Hemant, Sharma2"]
[Result "1-0"]
[WhiteTitle "GM"]
[BlackTitle "IM"]
[WhiteElo "2623"]
[BlackElo "2393"]
[WhiteFideId "1204297"]
[BlackFideId "5025842"]
[EventDate "2018.10.20"]

1. d4 d5 2. c4 e6 3. Nf3 Nf6 4. Nc3 Be7 5. Bf4 O-O 6. e3 c5 7. dxc5 Bxc5 8. cxd5
Nxd5 9. Nxd5 exd5 10. Bd3 Bb4+ 11. Nd2 Nc6 12. O-O d4 13. e4 Qf6 14. Bg3 Qh6 15.
Nb3 Be6 16. Rc1 Rad8 17. a3 Bd6 18. Bxd6 Rxd6 19. f4 Bc8 20. Rc5 f5 21. Nd2 b6
22. Rc1 fxe4 23. Nxe4 Ne7 24. Nxd6 Qxd6 25. Qe2 Bf5 26. Bc4+ Kh8 27. Qe5 1-0

[Event "Isle of Man Open"]
[Site "Douglas"]
[Date "21.10.2018"]
[Round "2.46"]
[White "Rapport, Jovana"]
[Black "Ganguly, Surya Shekhar"]
[Result "1/2-1/2"]
[WhiteTitle "WGM"]
[BlackTitle "GM"]
[WhiteElo "2350"]
[BlackElo "2622"]
[WhiteFideId "937266"]
[BlackFideId "5002150"]
[EventDate "2018.10.20"]

1. d4 Nf6 2. Nf3 d5 3. c4 e6 4. Bg5 Bb4+ 5. Nc3 dxc4 6. e4 h6 7. Bxf6 Qxf6 8.
Bxc4 c5 9. O-O cxd4 10. Nb5 Qe7 11. Qxd4 O-O 12. Nxa7 Bc5 13. Nxc8 Rxc8 14. Qd3
Qf6 15. e5 Qf4 16. Bb5 Nc6 17. Bxc6 Rxc6 18. a3 Rac8 19. g3 Qg4 20. Kg2 Ba7 21.
Rae1 Rc2 22. Re2 Rxe2 23. Qxe2 g5 24. Rd1 Qf5 25. h3 h5 26. Rd3 Kg7 27. Rc3 Rxc3
28. bxc3 Kg6 29. Qd2 Bb8 30. Qe3 Bc7 31. a4 Bb8 32. Qd4 Kg7 33. g4 hxg4 34. hxg4
Qg6 35. Qb4 Qc2 36. Qe7 Qxa4 37. Qxg5+ Kh7 38. Qh5+ Kg7 39. Qg5+ Kf8 40. Kg3 Qd1
41. Qh6+ Kg8 42. Qg5+ Kf8 43. Qf4 Kg7 44. Qe4 Qb3 45. Qd3 Bc7 46. Ng5 Bxe5+ 47.
Kh4 Bxc3 48. Qh7+ Kf6 49. Qxf7+ Ke5 50. f4+ Kd4 51. Nxe6+ Ke3 52. Kg5 Qd5+ 53.
f5 b5 54. Qa7+ Kf3 55. Qc5 Qc4 56. Qxc4 1/2-1/2

[Event "Isle of Man Open"]
[Site "Douglas"]
[Date "21.10.2018"]
[Round "2.47"]
[White "Deac, Bogdan-Daniel"]
[Black "Arakhamia-Grant, Ketevan"]
[Result "1/2-1/2"]
[WhiteTitle "GM"]
[BlackTitle "GM"]
[WhiteElo "2594"]
[BlackElo "2345"]
[WhiteFideId "1226380"]
[BlackFideId "13600168"]
[EventDate "2018.10.20"]

1. e4 c5 2. Nf3 Nc6 3. d4 cxd4 4. Nxd4 e5 5. Nb5 d6 6. N1c3 a6 7. Na3 Be7 8. Nc4
b5 9. Ne3 Nf6 10. g3 O-O 11. Bg2 Nd4 12. Ncd5 Nxd5 13. Nxd5 Bb7 14. c3 Ne6 15.
h4 Nc7 16. Ne3 d5 17. exd5 Bc5 18. Qe2 Nxd5 19. Nxd5 Bxd5 20. Bg5 f6 21. O-O-O
Bd4 22. Bxd5+ Qxd5 23. Kb1 fxg5 24. cxd4 exd4 25. hxg5 Rae8 26. Qd3 Qe4 27. f4
Qxd3+ 28. Rxd3 Re4 29. Rc1 Rd8 30. Rc7 a5 31. a3 Rd5 32. Kc1 Re1+ 33. Kd2 Rg1
34. Re7 a4 35. Re1 Rg2+ 36. Re2 Rg1 37. Re1 Rg2+ 38. Re2 Rg1 1/2-1/2

[Event "Isle of Man Open"]
[Site "Douglas"]
[Date "21.10.2018"]
[Round "2.48"]
[White "Demeter, Dorina"]
[Black "Antipov, Mikhail Al."]
[Result "0-1"]
[WhiteTitle "WFM"]
[BlackTitle "GM"]
[WhiteElo "2064"]
[BlackElo "2593"]
[WhiteFideId "778079"]
[BlackFideId "4107012"]
[EventDate "2018.10.20"]

1. d4 Nf6 2. c4 e6 3. Nc3 Bb4 4. e3 O-O 5. Ne2 b6 6. a3 Be7 7. e4 Bb7 8. Ng3 d5
9. cxd5 exd5 10. e5 Ne4 11. Bd3 c5 12. Bxe4 dxe4 13. d5 Nd7 14. Bf4 Bg5 15. Qd2
e3 16. fxe3 Nxe5 17. O-O Bxf4 18. exf4 Nc4 19. Qd3 Nd6 20. Rae1 a5 21. Rf2 Ba6
22. Qf3 Re8 23. Re5 Qd7 24. Nge4 Nc4 25. Rxe8+ Rxe8 26. d6 f5 27. Ng3 g6 28.
Qd5+ Kg7 29. Re2 Ne3 30. Rxe3 Rxe3 31. Kf2 Re6 32. h3 Qxd6 33. Qxd6 Rxd6 34.
Nge2 Rd2 35. Ke3 Rxb2 36. g4 Bxe2 37. Nxe2 Rxe2+ 38. Kxe2 fxg4 39. hxg4 h5 40.
gxh5 gxh5 0-1

[Event "Isle of Man Open"]
[Site "Douglas"]
[Date "21.10.2018"]
[Round "2.49"]
[White "Kosteniuk, Alexandra"]
[Black "Vaishali, R"]
[Result "1/2-1/2"]
[WhiteTitle "GM"]
[BlackTitle "WIM"]
[WhiteElo "2551"]
[BlackElo "2313"]
[WhiteFideId "4128125"]
[BlackFideId "5091756"]
[EventDate "2018.10.20"]

1. c4 e5 2. Nc3 Nf6 3. Nf3 Nc6 4. g3 d5 5. cxd5 Nxd5 6. Bg2 Nb6 7. O-O Be7 8. b3
O-O 9. Bb2 f5 10. d3 Be6 11. e4 Qd7 12. exf5 Bxf5 13. Ne4 Bg4 14. h3 Bxh3 15.
Nxe5 Nxe5 16. Bxe5 Bxg2 17. Kxg2 Rad8 18. Rh1 h6 19. d4 Bd6 20. Qh5 Bxe5 21.
dxe5 Qc6 22. Rhe1 Nd7 23. Rac1 Qd5 24. Rxc7 Nxe5 25. f4 Nd3 26. Qxd5+ Rxd5 27.
Re3 Rf7 28. Rc4 Kh7 29. a3 b5 30. Nc3 Ne1+ 31. Kf2 bxc4 32. Nxd5 Nc2 33. bxc4
Nxe3 34. Kxe3 g5 35. c5 gxf4+ 36. Nxf4 Kg7 1/2-1/2

[Event "Isle of Man Open"]
[Site "Douglas"]
[Date "21.10.2018"]
[Round "2.50"]
[White "Kaidanov, Gregory"]
[Black "Mannion, Stephen R"]
[Result "1-0"]
[WhiteTitle "GM"]
[BlackTitle "IM"]
[WhiteElo "2544"]
[BlackElo "2289"]
[WhiteFideId "2008564"]
[BlackFideId "2400111"]
[EventDate "2018.10.20"]

1. Nf3 d5 2. g3 Nf6 3. Bg2 c6 4. O-O Bf5 5. d3 h6 6. c4 e6 7. cxd5 exd5 8. Qb3
Qb6 9. Qc2 Be7 10. Nc3 O-O 11. e4 Bh7 12. Be3 Qa6 13. Rfd1 Nbd7 14. exd5 Nxd5
15. Nxd5 cxd5 16. Qb3 Rfd8 17. Rac1 Nb6 18. Bh3 Bf6 19. Rc7 Bg6 20. Bd4 Bxd4 21.
Nxd4 Re8 22. Bf5 Rad8 23. Bxg6 fxg6 24. Rdc1 Re5 25. Kg2 Rde8 26. Nb5 R8e7 27.
R1c5 Kh7 28. Nd4 Qa4 29. Qxa4 Nxa4 30. Rxe7 Rxe7 31. Rc2 Kg8 32. b3 Nb6 33. a4
Kf7 34. Rc5 Rd7 35. f4 Ke7 36. h4 Kd6 37. Rc2 a6 38. Kf3 Rf7 39. Re2 Re7 40. h5
Rxe2 41. Kxe2 gxh5 42. Nf5+ Kc5 43. Nxg7 Kb4 44. Ne6 Nd7 45. Ke3 Kc3 46. a5 Nf6
47. f5 Ng4+ 48. Ke2 Kxb3 49. Nc5+ Kb4 50. Nxb7 Kb5 51. d4 Kc4 52. Nc5 Kxd4 53.
Nxa6 Nf6 54. Nb8 Kc5 55. Ke3 Kb5 56. Kd4 Kxa5 57. Nc6+ Kb6 58. Ne7 Kc7 59. Nxd5+
Nxd5 60. Kxd5 Kd7 61. Ke5 Ke7 62. f6+ Ke8 63. Kf4 Kf8 64. Ke4 Ke8 65. Ke5 Kf8
66. Ke6 Ke8 67. f7+ 1-0

[Event "Isle of Man Open"]
[Site "Douglas"]
[Date "21.10.2018"]
[Round "2.51"]
[White "Paterek, Michal"]
[Black "Cramling, Pia"]
[Result "1-0"]
[WhiteTitle "FM"]
[BlackTitle "GM"]
[WhiteElo "2311"]
[BlackElo "2465"]
[WhiteFideId "1116142"]
[BlackFideId "1700030"]
[EventDate "2018.10.20"]

1. d4 Nf6 2. c4 e6 3. Nc3 Bb4 4. e3 O-O 5. Ne2 Re8 6. a3 Bf8 7. d5 a5 8. Ng3 Na6
9. Bd3 Nc5 10. Bc2 exd5 11. cxd5 c6 12. O-O Nxd5 13. Nxd5 cxd5 14. Qxd5 d6 15.
Bd2 Be6 16. Qf3 Qg5 17. h3 Bd5 18. Qd1 Ne4 19. Nxe4 Bxe4 20. Bxe4 Rxe4 21. Rc1
d5 22. Qb3 Ree8 23. Bc3 Ra6 24. Rfd1 Rd8 25. Rd4 h5 26. h4 Qf5 27. Qxb7 Rg6 28.
Rf4 Qe6 29. Bxa5 Re8 30. Bb4 Bxb4 31. Rxb4 Kh7 32. Qc7 Qh3 33. Qh2 Qf5 34. Qf4
Qh3 35. g3 Ree6 36. Qf3 Re5 37. Rf4 f6 38. a4 Qd7 39. a5 Rg4 40. Rd1 Qb5 41. b4
Re4 42. Rf5 Qxb4 43. Rxh5+ Kg8 44. Rhxd5 Re8 45. a6 Rge4 46. a7 1-0

[Event "Isle of Man Open"]
[Site "Douglas"]
[Date "21.10.2018"]
[Round "2.52"]
[White "Swapnil, S. Dhopade"]
[Black "Pranav, Anand"]
[Result "1/2-1/2"]
[WhiteTitle "GM"]
[BlackTitle "FM"]
[WhiteElo "2493"]
[BlackElo "2269"]
[WhiteFideId "5019184"]
[BlackFideId "46626786"]
[EventDate "2018.10.20"]

1. Nf3 d5 2. g3 Nf6 3. Bg2 e6 4. O-O Be7 5. c4 O-O 6. b3 b6 7. Bb2 Bb7 8. e3
dxc4 9. bxc4 c5 10. Nc3 Nc6 11. Qe2 Rc8 12. Rad1 Qc7 13. Nh4 Nd7 14. f4 f5 15.
d4 Bxh4 16. gxh4 Na5 17. d5 e5 18. d6 Qb8 19. Bxb7 Nxb7 20. Qg2 Rf7 21. Nb5 Re8
22. Nc7 Nxd6 23. Nxe8 Nxe8 24. fxe5 Nf8 25. Qc6 Nc7 26. Rd6 Qc8 27. Kh1 Qa6 28.
Rc1 Qxa2 29. Qg2 Nce6 30. Qc2 Qa6 31. Ra1 Qb7+ 32. Qg2 Qe7 33. Qf2 Qb7+ 34. Qg2
Qe7 35. Qf2 Qb7+ 36. Qg2 Qe7 37. Qf2 Qb7+ 1/2-1/2

[Event "Isle of Man Open"]
[Site "Douglas"]
[Date "21.10.2018"]
[Round "2.53"]
[White "Kolosowski, Mateusz"]
[Black "Kulkarni, Rakesh"]
[Result "1-0"]
[WhiteTitle "IM"]
[WhiteElo "2448"]
[BlackElo "2297"]
[WhiteFideId "1129708"]
[BlackFideId "5037077"]
[EventDate "2018.10.20"]

1. d4 Nf6 2. Nf3 e6 3. e3 c5 4. Bd3 Nc6 5. b3 Be7 6. Bb2 O-O 7. O-O cxd4 8. exd4
b6 9. Nbd2 Bb7 10. a3 Rc8 11. Rc1 d5 12. Re1 a6 13. Qe2 b5 14. Qe3 Qc7 15. b4 a5
16. c3 Qb6 17. Nb3 Ba6 18. Qe2 Rfe8 19. Ne5 axb4 20. cxb4 Nxe5 21. dxe5 Nd7 22.
Nd4 Rc4 23. Bxc4 dxc4 24. Qg4 Qb7 25. Rcd1 Nb6 26. Bc1 Bf8 27. Re3 Rd8 28. Rh3
Qc7 29. Qh4 h6 30. Bxh6 Rxd4 31. Rxd4 Qxe5 32. Be3 f5 33. Qd8 Nd5 34. Rh8+ Kxh8
35. Qxf8+ Kh7 36. Rh4+ Kg6 37. Qe8+ 1-0

[Event "Isle of Man Open"]
[Site "Douglas"]
[Date "21.10.2018"]
[Round "2.54"]
[White "Lubbe, Nikolas"]
[Black "Enkhtuul, Altan-Ulzii"]
[Result "1-0"]
[WhiteTitle "IM"]
[BlackTitle "WGM"]
[WhiteElo "2447"]
[BlackElo "2295"]
[WhiteFideId "4694031"]
[BlackFideId "4901444"]
[EventDate "2018.10.20"]

1. Nf3 Nf6 2. e3 g6 3. b3 Bg7 4. Bb2 b6 5. d4 Bb7 6. Be2 O-O 7. O-O c5 8. dxc5
bxc5 9. c4 d6 10. Nc3 Na6 11. Nd2 Nb4 12. a3 Nc6 13. Qc2 Rb8 14. Rfd1 Bc8 15. h3
Bf5 16. Bd3 Bd7 17. Rab1 Ne5 18. Be2 Qc8 19. f4 Nc6 20. Bd3 Bxh3 21. gxh3 Qxh3
22. Nf1 Ng4 23. Nd5 e6 24. Bxg7 Kxg7 25. Qb2+ f6 26. Nc7 Nxe3 27. Nxe3 Qxe3+ 28.
Qf2 Qxf2+ 29. Kxf2 Nd4 30. Bf1 Rfc8 31. Rxd4 cxd4 32. Nxe6+ Kf7 33. Nxd4 a6 34.
Bg2 h5 35. b4 Kg7 36. Bd5 Kh6 37. a4 h4 38. a5 Rc7 39. Nc6 Rh8 40. b5 h3 41. b6
Rb7 42. Nd8 Rxd8 43. Bxb7 1-0

[Event "Isle of Man Open"]
[Site "Douglas"]
[Date "21.10.2018"]
[Round "2.55"]
[White "L'Ami, Alina"]
[Black "Sadhwani, Raunak"]
[Result "0-1"]
[WhiteTitle "IM"]
[BlackTitle "IM"]
[WhiteElo "2296"]
[BlackElo "2438"]
[WhiteFideId "1210246"]
[BlackFideId "35093487"]
[EventDate "2018.10.20"]

1. d4 d6 2. c4 e5 3. Nf3 e4 4. Ng5 f5 5. Nc3 c6 6. d5 Be7 7. Nh3 Nf6 8. e3 O-O
9. Nf4 Na6 10. Be2 Nc7 11. h4 Bd7 12. h5 Be8 13. b3 Bf7 14. Bb2 cxd5 15. cxd5
Nd7 16. g4 fxg4 17. Nxe4 h6 18. Bxg4 Nf6 19. Nc3 Nxg4 20. Qxg4 Bf6 21. O-O-O Qe7
22. Rhg1 a5 23. Nce2 Bxb2+ 24. Kxb2 Qf6+ 25. Nd4 Nxd5 26. Ne6 Bxe6 27. Qxe6+
Qxe6 28. Nxe6 Rxf2+ 29. Ka3 Nc3 30. Rxg7+ Kh8 31. Ra1 b5 32. b4 Nd5 33. bxa5 Rc8
34. Rb1 Rc3+ 35. Rb3 b4+ 36. Ka4 Rxa2+ 37. Kb5 Rxb3 38. e4 Nf4 0-1

[Event "Isle of Man Open"]
[Site "Douglas"]
[Date "21.10.2018"]
[Round "2.56"]
[White "Merry, Alan B"]
[Black "Agrest, Inna"]
[Result "1-0"]
[WhiteTitle "IM"]
[BlackTitle "WIM"]
[WhiteElo "2435"]
[BlackElo "2283"]
[WhiteFideId "418811"]
[BlackFideId "1708830"]
[EventDate "2018.10.20"]

1. e4 e5 2. Nf3 Nc6 3. Bb5 a6 4. Ba4 Nf6 5. O-O Bc5 6. c3 b5 7. Bb3 d6 8. d4 Bb6
9. a4 Rb8 10. axb5 axb5 11. Qd3 O-O 12. Bg5 Bb7 13. Na3 h6 14. Bxf6 Qxf6 15.
Nxb5 Ne7 16. Rfe1 Ng6 17. g3 Rfe8 18. Na3 exd4 19. cxd4 Ba5 20. Re3 Bb6 21. Nc4
d5 22. exd5 Rxe3 23. Qxe3 Rd8 24. Nxb6 cxb6 25. Ra7 Bxd5 26. Bxd5 Rxd5 27. Qe8+
Nf8 28. Ne5 Rd8 29. Qxf7+ Qxf7 30. Rxf7 Rxd4 31. Rb7 Re4 32. f4 Ne6 33. Rxb6 Nd4
34. Rb8+ Kh7 35. Rb7 Re2 36. b4 Rb2 37. Rb8 Ne2+ 38. Kf1 Nd4 39. Kg1 Ne2+ 40.
Kf1 Nd4 41. g4 Nc2 42. b5 Ne3+ 43. Ke1 Ng2+ 44. Kd1 Nxf4 45. b6 Ne6 46. Nc4 Rb4
47. Rc8 Nf4 48. Rc5 Ne6 49. Rc6 Nd8 50. Rc8 Ne6 51. Kd2 Nf4 52. Rc6 Nd5 53. Kd3
Rb3+ 54. Kd4 Nxb6 55. Rxb6 Rh3 56. Rb2 Rh4 57. Ne5 h5 58. Ke4 hxg4 59. Kf4 Rh5
60. Re2 Rh3 61. Kxg4 Ra3 62. Nf3 g6 63. Re6 Ra2 64. h3 Rg2+ 65. Kh4 Kg7 66. Ra6
Rb2 67. Ne5 Rg2 68. Ng4 Kf7 69. Kg5 Rg3 70. h4 Rg1 71. Rf6+ Kg7 72. Rxg6+ Kh7
73. Kh5 Kh8 74. Ne5 Re1 75. Nf7+ Kh7 76. Ng5+ Kh8 77. Kh6 Re7 78. Ra6 Re8 79.
Kg6 Rg8+ 80. Kh6 Re8 81. h5 Rb8 82. Nf7+ Kg8 83. Kg6 Rf8 84. h6 1-0

[Event "Isle of Man Open"]
[Site "Douglas"]
[Date "21.10.2018"]
[Round "2.57"]
[White "Soumya, Swaminathan"]
[Black "Piasetski, Leon"]
[Result "1-0"]
[WhiteTitle "WGM"]
[BlackTitle "IM"]
[WhiteElo "2423"]
[BlackElo "2252"]
[WhiteFideId "5016193"]
[BlackFideId "2600072"]
[EventDate "2018.10.20"]

1. e4 c5 2. Nf3 e6 3. d4 cxd4 4. Nxd4 a6 5. Bd3 Bc5 6. Nb3 Ba7 7. Qg4 Nf6 8. Qg3
d6 9. Nc3 Nc6 10. Bd2 O-O 11. f4 e5 12. f5 Nb4 13. Bg5 Nh5 14. Qh4 Nxd3+ 15.
cxd3 f6 16. Bd2 g6 17. Nd5 Ng7 18. fxg6 hxg6 19. Rf1 Nh5 20. g4 Nf4 21. Bxf4
exf4 22. Qh6 Qd7 23. Qxg6+ Qg7 24. Ne7+ 1-0

[Event "Isle of Man Open"]
[Site "Douglas"]
[Date "21.10.2018"]
[Round "2.58"]
[White "Stefansson, Vignir Vatnar"]
[Black "Fenil, Shah"]
[Result "0-1"]
[WhiteTitle "FM"]
[BlackTitle "IM"]
[WhiteElo "2291"]
[BlackElo "2411"]
[WhiteFideId "2308649"]
[BlackFideId "5019850"]
[EventDate "2018.10.20"]

1. d4 d5 2. c4 e6 3. Nc3 Bb4 4. cxd5 exd5 5. Nf3 Nf6 6. Bg5 h6 7. Bxf6 Qxf6 8.
Qb3 Qb6 9. a3 Ba5 10. Qc2 Bf5 11. Qa4+ Bd7 12. Qc2 Bxc3+ 13. Qxc3 O-O 14. e3 Bf5
15. Ne5 a5 16. Bd3 Bxd3 17. Nxd3 Nd7 18. O-O a4 19. Rfc1 c6 20. Rab1 Qa5 21. Nc5
Qxc3 22. Rxc3 Nxc5 23. Rxc5 f5 24. g3 g5 25. b4 axb3 26. Rxb3 Rf7 27. Rc2 Kg7
28. Rcb2 b5 29. Rc3 Ra6 30. Rbc2 Rf6 31. Kg2 Kf7 32. Kf3 Ke7 33. g4 Kd7 34. gxf5
Rxf5+ 35. Kg4 Rf6 36. f4 gxf4 37. exf4 Ra8 38. Rf2 Re8 39. Rd3 Re4 40. Kg3 Ke6
41. a4 bxa4 42. Ra2 Rg6+ 43. Kh3 Rxf4 44. Rxa4 Kf5 45. Re3 Rgg4 46. Ra6 Rh4+ 47.
Kg2 Rxd4 48. Rf3+ Kg5 49. Rxc6 Rd2+ 50. Rf2 Rxh2+ 0-1

[Event "Isle of Man Open"]
[Site "Douglas"]
[Date "21.10.2018"]
[Round "2.59"]
[White "Gaponenko, Inna"]
[Black "Janzelj, Lara"]
[Result "1-0"]
[WhiteTitle "IM"]
[BlackTitle "WFM"]
[WhiteElo "2409"]
[BlackElo "2244"]
[WhiteFideId "14101181"]
[BlackFideId "14608391"]
[EventDate "2018.10.20"]

1. e4 e5 2. Nf3 Nc6 3. d4 exd4 4. Nxd4 Nf6 5. Nxc6 bxc6 6. e5 Qe7 7. Qe2 Nd5 8.
c4 Nb6 9. Nc3 Bb7 10. Bd2 Qe6 11. f4 Bb4 12. a3 Be7 13. O-O-O O-O-O 14. Qf2 f6
15. c5 Nc4 16. f5 Qg8 17. e6 Nxd2 18. Rxd2 dxe6 19. Bc4 Rxd2 20. Qxd2 Kb8 21.
Bxe6 Qf8 22. b4 g6 23. Rd1 gxf5 24. Qf4 Bd8 25. Rd2 Qg7 26. Qxf5 Re8 27. Kc2 Be7
28. g4 Qg5 29. Qxh7 Bxc5 30. Qd7 Rh8 31. bxc5 Qxc5 32. Qg7 Rf8 33. h4 a5 34. h5
Re8 35. h6 Rxe6 36. h7 1-0

[Event "Isle of Man Open"]
[Site "Douglas"]
[Date "21.10.2018"]
[Round "2.60"]
[White "Dushyant, Sharma"]
[Black "Eggleston, David J"]
[Result "1/2-1/2"]
[WhiteTitle "FM"]
[BlackTitle "IM"]
[WhiteElo "2289"]
[BlackElo "2406"]
[WhiteFideId "25065130"]
[BlackFideId "412120"]
[EventDate "2018.10.20"]

1. e4 c5 2. Nf3 d6 3. d4 Nf6 4. Nc3 cxd4 5. Nxd4 a6 6. Bg5 e6 7. f4 Be7 8. Qf3
Qc7 9. O-O-O Nbd7 10. g4 b5 11. Bxf6 Nxf6 12. g5 Nd7 13. f5 O-O 14. h4 b4 15.
Nce2 Bb7 16. Bg2 Rac8 17. fxe6 fxe6 18. Qh3 Nc5 19. Nxe6 Nxe6 20. Qxe6+ Kh8 21.
Nd4 Rf2 22. Rd2 Rxd2 23. Kxd2 Qc5 24. Ke3 Qc7 25. Kd2 Qc5 26. Ke3 Qc7 27. Kd2 1/2-1/2